000
00342 a2200157 4500
001
75696
020
_a
9788560075270
040
_c
Anchieta - Colégio São Paulo
100
_a
Silva, Ailezz
240
1
0
_a
A Morada feliz
_l
por
245
1
0
_a
A Morada feliz
300
_a
54
362
0
_a
2009
650
4
_a
Literatura infantil
942
_c
BK
999
_c
75696
_d
75696